[Event "23rd ETCC Open 2021"]
[Site "Catez"]
[Date "2021.11.13"]
[Round "2.23"]
[White "Can, Emre"]
[Black "Santos Latasa, Jaime"]
[Result "1/2-1/2"]
[WhiteElo "2570"]
[BlackElo "2633"]
[Annotator "TA"]
[PlyCount "65"]
[EventDate "2021.11.08"]
[EventType "team-tourn"]
[EventCountry "SLO"]
[SourceTitle "playchess.com"]
[Source "ChessBase"]
[SourceQuality "1"]
[WhiteTeam "Turkey"]
[BlackTeam "Spain"]
[WhiteTeamCountry "TUR"]
[BlackTeamCountry "ESP"]

{[%evp 14,65,14,5,16,14,25,0,4,0,2,11,31,23,47,0,0,0,24,21,0,0,0,0,6,0,0,8,52,
-2,-4,0,73,63,64,62,90,92,93,97,98,100,100,2,2,2,2,2,2,0,2,0,0,0]} 1. d4 d5 2.
c4 e6 3. Nf3 Nf6 4. g3 Be7 5. Bg2 O-O 6. O-O c6 7. Nbd2 b6 8. Qc2 c5 {E06:
Closed Catalan: Early deviations.} 9. dxc5 bxc5 10. cxd5 exd5 {[#]} 11. b3 $146
({Predecessor:} 11. e4 Nc6 12. a3 Ba6 13. Re1 dxe4 14. Nxe4 Bd3 15. Nxf6+ Bxf6
16. Qxc5 Na5 17. Bf4 {0-1 (53) Petrosyan,M (2569)-Vallejo Pons,F (2716) Batumi
2018}) 11... Nc6 12. Bb2 Re8 13. a3 a5 14. Rfe1 Bf8 15. Rad1 Bg4 {[#]} 16. Nc4
$1 Rc8 (16... a4 17. bxa4) 17. Ne3 {aiming for Bxf6.} Nd4 18. Qd3 Rxe3 {
[%mdl 64] Remove Defender, Decoy} 19. Qxe3 Nc2 20. Qf4 Bxf3 21. Bxf3 ({White
should play} 21. Qxf3 $14 Nxe1 22. Rxe1) 21... Nxe1 $11 22. Rxe1 c4 (22... d4
$1 $11 {keeps the balance.}) 23. bxc4 $16 dxc4 {Threatening ...c3.} 24. Rc1 c3
25. Rxc3 Rxc3 26. Bxc3 Qd1+ 27. Kg2 {Black must now prevent Qg5.} Nd5 28. Qd2 (
28. Bxd5 $16 Qxd5+ 29. Qf3) 28... Nxc3 $11 {The position is equal.} 29. Qxc3
Qa4 30. Bd5 {And now Qc7 would win.} Qxa3 31. Qc7 Qe7 32. Qxa5 Qxe2 33. Qc7 {
Weighted Error Value: White=0.15/Black=0.15} 1/2-1/2

[Event "23rd ETCC Open 2021"]
[Site "Catez"]
[Date "2021.11.13"]
[Round "2.24"]
[White "Santos Ruiz, Miguel"]
[Black "Sanal, Vahap"]
[Result "1/2-1/2"]
[WhiteElo "2603"]
[BlackElo "2590"]
[Annotator "TA"]
[PlyCount "153"]
[EventDate "2021.11.08"]
[EventType "team-tourn"]
[EventCountry "SLO"]
[SourceTitle "playchess.com"]
[Source "ChessBase"]
[SourceQuality "1"]
[WhiteTeam "Spain"]
[BlackTeam "Turkey"]
[WhiteTeamCountry "ESP"]
[BlackTeamCountry "TUR"]

{[%evp 11,153,-8,11,-3,7,0,0,0,0,0,0,0,0,0,0,0,0,0,0,-30,44,43,44,39,46,45,38,
27,32,31,24,36,33,14,16,15,32,35,36,33,31,27,27,31,52,27,19,21,46,39,62,60,78,
79,80,81,81,73,77,64,55,58,80,80,81,81,89,85,120,81,81,81,81,81,81,81,81,81,81,
81,81,63,62,76,111,104,104,104,104,104,104,104,111,81,81,81,79,58,58,58,58,58,
53,31,59,21,31,33,27,30,63,52,63,63,63,63,63,63,63,63,63,51,50,54,52,37,37,37,
37,37,96,96,96,96,96,96,124,8,8,8,8,8,8,8]} 1. e4 e5 2. Nf3 Nc6 3. d4 exd4 4.
Nxd4 Bc5 5. Nb3 Bb6 6. Nc3 Nf6 7. Qe2 {C45: Scotch Game.} O-O 8. Bg5 h6 9. Bh4
a5 10. a4 Nd4 11. Qd3 Nxb3 12. cxb3 c6 13. O-O-O {Hoping for e5.} d5 14. exd5
cxd5 15. Qc2 (15. Nxd5 {looks sharper.} g5 16. Qf3 Nxd5 17. Rxd5 Qc7+ 18. Bc4)
15... Be6 {[#]} (15... d4 $11) 16. Nxd5 $1 $14 Bxd5 17. Bxf6 Qxf6 18. Rxd5 Qxf2
19. Bc4 Be3+ 20. Kb1 Qxc2+ 21. Kxc2 b6 22. b4 axb4 23. Kb3 {[#]} Bc5 $146 ({
Predecessor:} 23... Rfd8 24. Rhd1 Rxd5 25. Rxd5 Ra7 26. Kxb4 g6 27. g4 Kg7 28.
b3 Bf2 29. h3 Kf6 {1/2-1/2 (47) Gabuzyan,H (2619)-Oparin,G (2644) Saint Louis
2019}) 24. Rd7 Rae8 25. Rhd1 Re3+ 26. R1d3 Rxd3+ 27. Bxd3 $11 {[%mdl 4096]
Endgame KRB-KRB} g6 28. Kc4 {[%mdl 1024] White has compensation.} Ra8 29. b3
Kg7 30. Kb5 Bg1 31. h3 Re8 32. Bc4 Re5+ 33. Kxb4 Rf5 34. Bd5 Kf8 35. Kc4 Ke8
36. Rb7 g5 37. b4 Rf4+ 38. Kb5 Rf5 39. Kc6 Bf2 40. a5 bxa5 41. bxa5 Rf6+ {[#]}
42. Kb5 $1 Rf5 43. Kc4 {aiming for a6.} Rf4+ 44. Kb3 {And now a6 would win.}
Rf6 45. Bc4 Kd8 46. Kc2 Rc6 47. Kd3 f5 48. a6 {Threatens to win with a7.} Rc7
49. Rb8+ Rc8 50. Rb5 f4 51. Rf5 Kc7 52. Rf6 Rd8+ 53. Ke2 Be3 54. Bd3 Rd6 55.
Rf7+ Rd7 56. Rf5 Rd6 57. Ra5 {Black must now prevent a7.} Kb8 58. Be4 Ka7 59.
Bb7 Rg6 60. Rf5 Rg7 61. Rf8 h5 62. Rh8 h4 63. Kf3 Re7 64. Kg4 Re5 65. Ra8+ Kb6
66. Bf3 Ra5 67. Be2 Ra2 68. Rb8+ Kc7 69. Rb7+ Kd6 70. Bf3 Ra5 ({Black should
play} 70... Rxa6 $14 71. Kxg5 Bf2) 71. Rg7 $16 Bf2 72. Rxg5 Rxg5+ 73. Kxg5 Kc7
74. g4 (74. a7 $16 Bxa7 75. Kxf4) 74... fxg3 $11 {The position is equal.} 75.
Bg2 Kb6 76. Kxh4 Kxa6 77. Kg4 {Weighted Error Value: White=0.05/Black=0.08}
1/2-1/2

[Event "23rd ETCC Open 2021"]
[Site "Catez"]
[Date "2021.11.13"]
[Round "2.25"]
[White "Nisipeanu, Liviu-Dieter"]
[Black "Andersen, Mads"]
[Result "1-0"]
[WhiteElo "2651"]
[BlackElo "2575"]
[Annotator "TA"]
[PlyCount "75"]
[EventDate "2021.11.08"]
[EventType "team-tourn"]
[EventCountry "SLO"]
[SourceTitle "playchess.com"]
[Source "ChessBase"]
[SourceQuality "1"]
[WhiteTeam "Germany"]
[BlackTeam "Denmark"]
[WhiteTeamCountry "GER"]
[BlackTeamCountry "DEN"]

{[%evp 11,75,30,32,32,27,0,0,0,6,0,0,0,0,-5,0,-18,7,0,44,0,42,36,134,122,150,
129,137,72,68,83,96,71,218,149,182,95,185,187,176,189,171,177,175,179,196,210,
258,249,260,263,246,216,257,250,312,250,366,359,700,700,1448,1427,4986,720,
1110,894]} 1. d4 d5 2. c4 dxc4 3. Nf3 Nf6 4. e3 e6 5. Bxc4 c5 6. O-O a6 7. Re1
{Recently 7.b3 got a lot of attention. D27: Queen's Gambit Accepted: Classical
main line: 7 e4!? and 7 a4.} Nc6 8. Nc3 b5 9. Bd3 {The position is equal.} cxd4
10. exd4 Nb4 11. Bb1 Bb7 {[#]} 12. Ne5 $146 ({Predecessor:} 12. a4 bxa4 13. Ne5
Be7 14. Qxa4+ Kf8 15. Qd1 Qb6 16. Be3 Rd8 17. Qe2 Qc7 18. Rc1 {1-0 (32) Palac,
M (2521)-Mazi,L (2327) Split 2021}) 12... Be7 13. a3 Nbd5 14. Qd3 O-O 15. Qh3
Qd6 16. Nxd5 Bxd5 (16... Qxd5 $14 17. Bg5 g6) 17. Bg5 $1 $16 {[%cal Rg5f6]}
Rfc8 18. Bxf6 Bxf6 19. Bxh7+ ({White should try} 19. Qxh7+ Kf8 20. Qh8+ Ke7 21.
Qh5) 19... Kf8 20. Bd3 $40 {[%mdl 128] White goes for the king.} Bb7 21. Rad1
Ke7 (21... Rc7 $16) 22. Qh5 $18 Rf8 23. Rc1 (23. a4 $18) 23... Rad8 {[#]} (
23... Rac8 $16) 24. Be4 $1 {[%cal Re4b7]} Bxe4 25. Rxe4 {aiming for Nc6+.} g6
26. Qf3 {And now Nc6+ would win.} Rc8 27. Rce1 Bxe5 28. dxe5 ({Stronger than} 
28. Rxe5 Qxd4 29. g3 Rc2 $11) 28... Qd5 29. h3 ({Less strong is} 29. Rd1 Rfd8
$16) 29... f5 30. exf6+ $1 Rxf6 31. Qe2 Rd8 32. Qe3 Rd7 33. Re5 Qc4 (33... Qd6
$142 34. Qg5 Kf7) 34. Qh6 Kd6 $2 (34... Rd6 35. Qg7+ Rf7 36. Qxg6 Rf6 37. Qg7+
Rf7) 35. Qh8 {White is clearly winning.} Rf5 36. R5e4 Qb3 37. Qd4+ (37. Qe8
$142 e5 38. Qb8+ Kd5 39. Qg8+ Rdf7 {[#]} 40. Rxe5+ $3 {[%mdl 576] Deflection}
Rxe5 41. Qxf7+ Kd6 42. Qf8+ Kd7 43. Qg7+ {[%mdl 64] Double Attack} Kc6 44. Qxe5
) 37... Kc7 38. Qa7+ {[%mdl 64] Double Attack.  Weighted Error Value: White=0.
16/Black=0.49} 1-0

[Event "23rd ETCC Open 2021"]
[Site "Catez"]
[Date "2021.11.13"]
[Round "2.26"]
[White "Thybo, Jesper Sondergaard"]
[Black "Donchenko, Alexander"]
[Result "1/2-1/2"]
[WhiteElo "2604"]
[BlackElo "2645"]
[Annotator "TA"]
[PlyCount "104"]
[EventDate "2021.11.08"]
[EventType "team-tourn"]
[EventCountry "SLO"]
[SourceTitle "playchess.com"]
[Source "ChessBase"]
[SourceQuality "1"]
[WhiteTeam "Denmark"]
[BlackTeam "Germany"]
[WhiteTeamCountry "DEN"]
[BlackTeamCountry "GER"]

{[%evp 15,104,8,17,20,9,8,5,6,16,8,8,13,6,10,8,-8,-15,-7,-8,-8,-6,-15,-16,-33,
-11,-12,-5,-36,-22,-22,-22,-22,-22,-22,-22,-22,-22,-22,-22,-22,0,-64,-64,-75,
-75,-75,-75,-75,-75,-76,-61,-64,-61,-61,-61,-61,-61,-61,-61,-61,-61,-61,-61,
-61,-61,-61,-40,-40,-39,-39,-39,-39,-39,-39,-39,-39,-39,-39,-39,-39,-39,-39,
-39,-39,-39,-39,-39,-39,-39,-39,0]} 1. d4 Nf6 2. c4 c6 3. Nc3 d5 4. cxd5 cxd5
5. Bf4 Nc6 6. Nf3 Bf5 7. e3 e6 8. Qb3 Bb4 9. Ne5 $1 {[%mdl 4] And now Nxc6
would win. is currently scoring better than 9.Bb5. D14: Slav Defence: Exchange
variation with ...Bf5.} Bxc3+ 10. bxc3 Nxe5 11. Bxe5 {The position is equal.}
O-O 12. Be2 Rc8 13. O-O Ne4 14. Rfc1 Qa5 15. Qb4 Qxb4 16. cxb4 Rc3 17. f3 {[#]}
Rfc8 $1 18. Rxc3 (18. Re1 Nf6) 18... Nxc3 19. Bf1 {[#]} Bc2 $146 ({Predecessor:
} 19... f6 20. Bd6 Bc2 21. Bc5 b6 22. Bd6 Ba4 23. Bg3 Kf7 24. Be1 Nb5 25. Bxb5
Bxb5 {0-1 (62) Dao,T (2490)-Nguyen,N (2621) Sharjah 2014}) 20. Kf2 f6 21. Bg3
Nd1+ 22. Ke2 Nb2 23. Kd2 {aiming for Rc1.} Bg6 24. Rc1 Rxc1 25. Kxc1 {[#]} Bd3
$1 26. Kxb2 Bxf1 $11 {[%mdl 4096] Endgame KB-KB} 27. Bb8 Bxg2 28. f4 (28. Bxa7
$11 Bxf3 29. b5) 28... a6 $15 29. a4 Kf7 30. Kc3 Kg6 31. Kd2 Kf5 32. Ke2 h5 33.
Kf2 {Black is slightly better.} Be4 (33... a5 {looks sharper.} 34. bxa5 Be4 35.
Kg3 Bc2 36. Bd6 Bxa4 37. h4 Ke4) 34. a5 h4 35. Bd6 g5 36. fxg5 fxg5 37. Be7 Kg4
38. Bd8 Kh5 39. Be7 Bf5 40. Bd8 g4 41. Be7 g3+ 42. hxg3 h3 43. Kg1 Bg4 44. Kh2
Kg6 45. Bf8 Kf5 46. Bg7 Ke4 47. Bh6 Kd3 48. Bg5 Kc3 49. Be7 Kc4 50. Bf8 Kd3 51.
Bh6 Ke4 52. Bg5 Kd3 {Weighted Error Value: White=0.05/Black=0.02} 1/2-1/2

[Event "23rd ETCC Open 2021"]
[Site "Catez"]
[Date "2021.11.13"]
[Round "2.27"]
[White "Keymer, Vincent"]
[Black "Bjerre, Jonas Buhl"]
[Result "0-1"]
[WhiteElo "2639"]
[BlackElo "2569"]
[Annotator "TA"]
[PlyCount "68"]
[EventDate "2021.11.08"]
[EventType "team-tourn"]
[EventCountry "SLO"]
[SourceTitle "playchess.com"]
[Source "ChessBase"]
[SourceQuality "1"]
[WhiteTeam "Germany"]
[BlackTeam "Denmark"]
[WhiteTeamCountry "GER"]
[BlackTeamCountry "DEN"]

{[%evp 13,68,0,4,5,0,0,0,0,0,0,4,0,0,0,0,0,0,0,0,0,0,0,0,0,0,0,0,0,0,0,0,0,0,0,
0,0,0,0,0,0,0,0,0,0,0,-306,-313,-280,-280,-304,-296,-29995,-29996,-29996,
-29997,-29997,-90]} 1. d4 Nf6 2. c4 e6 3. Nf3 d5 4. Nc3 Bb4 5. e3 O-O 6. Bd2 b6
7. cxd5 exd5 8. Rc1 {E51: Nimzo-Indian: Rubinstein: 4...0-0 5 Nf3 d5.} Re8 9.
Bd3 Bb7 10. O-O {The position is equal.} Bf8 11. Ne5 c5 12. f4 Nc6 13. Ne2 Rc8
14. Be1 {[#]} Ne4 $146 ({Predecessor:} 14... cxd4 15. exd4 Ne4 16. Bb5 Re6 17.
h3 f6 18. Nxc6 Bxc6 19. Ba6 Rc7 20. f5 Re8 {1-0 (47) Vidit,S (2726)-Dominguez
Perez,L (2758) chess24.com INT 2021}) 15. Bxe4 dxe4 16. Nxf7 Kxf7 17. Qb3+ c4
$1 {[%cal Rc4b3]} (17... Kg6 18. Ng3 $17) 18. Qxc4+ Kg6 {...Nb4 is the strong
threat.} 19. f5+ Kh6 {aiming for ...Nb4.} 20. Bg3 {Black must now prevent Qf7.}
Ne5 21. Qg8 Be7 $1 22. Rxc8 Bxc8 23. Bf4+ Bg5 24. Bxg5+ Qxg5 {[%mdl 64] [#]
Double Attack} 25. Qxe8 {[%mdl 64] Double Attack} Qxe3+ {[%mdl 64] Double
Attack} 26. Kh1 $1 (26. Rf2 $2 Nd3 $19) 26... Qxe2 {[%cal Re2f1][%mdl 64]
Double Attack} 27. Rc1 Nd3 $40 {[%mdl 128] Black is up to no good.} 28. Rc6+ (
28. Qxc8 $2 Ne1 $19) 28... Kg5 {[%cal Re2f1]} 29. Qe7+ $2 {[%mdl 8192] [#]} (
29. h3 $1 $11 {and White stays safe.} Qf1+ 30. Kh2 Qf4+ 31. Kg1 Qf2+ 32. Kh2
Bxf5 33. Qe7+ Kf4 34. Qxg7) 29... Kf4 $1 $19 {[%cal Re2f1]} (29... Kh5 30. Qf7+
Kh4 31. Qe7+ Kh5 32. Qf7+ Kh4 33. Qe7+ Kh5 $11) 30. h3 ({Much worse is} 30.
Qc7+ Ke3) 30... Qe1+ ({Stronger than} 30... Bxf5 31. Qh4+ Ke3 32. Qg5+ Kxd4 33.
Qxf5 $14) 31. Kh2 Qg3+ ({Don't go for} 31... Bxf5 $2 32. Qxg7 Ke3 33. Qg5+ Kxd4
34. Rd6+ Kc5 35. Rf6 $18) 32. Kh1 $2 (32. Kg1 $19 Qf2+ {[%mdl 64] Double Attack
} 33. Kh1 Bxf5 34. Qxa7) 32... Nf2+ {Black mates.} 33. Kg1 Nxh3+ $1 34. Kh1
Qe1+ {Weighted Error Value: White=0.44/Black=0.00} 0-1

[Event "23rd ETCC Open 2021"]
[Site "Catez"]
[Date "2021.11.13"]
[Round "2.28"]
[White "Rasmussen, Allan Stig"]
[Black "Svane, Rasmus"]
[Result "0-1"]
[WhiteElo "2577"]
[BlackElo "2628"]
[Annotator "TA"]
[PlyCount "80"]
[EventDate "2021.11.08"]
[EventType "team-tourn"]
[EventCountry "SLO"]
[SourceTitle "playchess.com"]
[Source "ChessBase"]
[SourceQuality "1"]
[WhiteTeam "Denmark"]
[BlackTeam "Germany"]
[WhiteTeamCountry "DEN"]
[BlackTeamCountry "GER"]

{[%evp 15,80,20,21,8,29,34,33,18,33,0,1,-46,-18,-33,-25,-86,-22,-76,-78,-75,
-56,-49,-54,-65,-37,-46,-38,-70,-66,-68,-52,-72,-69,-75,-64,-130,-43,-47,-49,
-56,-51,-58,-6,-19,-22,-12,-12,-13,22,20,28,2,53,6,22,-162,-163,-170,-169,-220,
-214,-207,-215,-474,-494,-584,-572]} 1. e4 e5 2. Nf3 Nc6 3. Bb5 a6 4. Ba4 Nf6
5. O-O Be7 6. d3 b5 7. Bb3 d6 8. c3 O-O 9. a4 {9.h3 is a critical line. C84:
Closed Ruy Lopez: Unusual White 6th moves.} Bd7 10. Bc2 b4 11. Re1 {White is
slightly better.} Rb8 {[#]} 12. Bg5 $146 ({Predecessor:} 12. Nbd2 Re8 13. h3 d5
14. a5 Bf8 15. Bb3 bxc3 16. bxc3 dxe4 17. Ng5 Re7 18. Ba3 {1/2-1/2 (35)
Erenburg,S (2589)-So,W (2765) Chess.com INT 2019}) 12... h6 13. Bh4 Nh5 14.
Bxe7 Qxe7 15. Nbd2 (15. g3 $1 $11 {remains equal.}) 15... Qf6 (15... Nf4 $17
16. d4 Qf6) 16. Nf1 (16. g3 $11) 16... Bg4 $17 17. Re3 bxc3 18. bxc3 Nf4 19. h3
Bd7 20. d4 Rb2 21. a5 Rfb8 22. Ng3 h5 23. d5 Ne7 24. Ne1 Qg5 25. Kh2 (25. Nf3
$15 Qh6 26. Ne1) 25... h4 (25... f5 $17 {...h4 is the strong threat.} 26. c4 h4
) 26. Ne2 $15 Neg6 27. Ng1 Qf6 28. Rf3 Qd8 ({Black should try} 28... c6 $1 $15
29. dxc6 Bxc6) 29. g3 $11 Nh5 30. Nd3 R2b7 $36 {[%mdl 2048] Black fights for
an advantage.} 31. Nb4 hxg3+ 32. fxg3 Bb5 33. Bd3 Nf6 (33... Ra8 $11) 34. Ra2
Ne7 {Black wants to play ...c5.} 35. Ne2 $2 {[#] Now White is beyond hope.} ({
Don't play} 35. Nxa6 Bxa6 36. Bxa6 Rb2+ 37. Rxb2 Rxb2+ 38. Be2 Nxe4 $17) (35.
Raf2 $11 {and White has nothing to worry.}) 35... c5 $1 $19 {[%cal Rc5b4]} 36.
dxc6 Nxc6 {[%cal Be7c6,Bc6a5,Ba5b3][%mdl 32]} 37. Nd5 (37. Bxb5 {might work
better.} Nxb4 38. cxb4 Rxb5 39. Nc3 Rxb4 40. Qe2) 37... Nxd5 ({Weaker is} 37...
Nxa5 38. Nxf6+ gxf6 39. Nc1 $11) 38. exd5 {Strongly threatening Bxb5.} Nxa5 39.
Be4 $2 {[#]} (39. g4 {was worth a try.}) 39... Bc4 40. Rd2 {Now Nc1 and White
clings on.} Nb3 {Weighted Error Value: White=0.31/Black=0.16} 0-1

[Event "23rd ETCC Open 2021"]
[Site "Catez"]
[Date "2021.11.13"]
[Round "2.29"]
[White "Lenic, Luka"]
[Black "Erdos, Viktor"]
[Result "1/2-1/2"]
[WhiteElo "2633"]
[BlackElo "2615"]
[Annotator "TA"]
[PlyCount "79"]
[EventDate "2021.11.08"]
[EventType "team-tourn"]
[EventCountry "SLO"]
[SourceTitle "playchess.com"]
[Source "ChessBase"]
[SourceQuality "1"]
[WhiteTeam "Slovenia"]
[BlackTeam "Hungary"]
[WhiteTeamCountry "SLO"]
[BlackTeamCountry "HUN"]

{[%evp 19,79,0,0,0,18,4,8,4,4,6,4,0,4,5,4,6,16,4,4,1,20,11,16,8,24,26,13,8,11,
7,5,4,24,5,54,61,65,60,58,49,62,12,32,32,32,32,32,32,32,32,32,4,4,4,4,4,4,4,5,
5,32,32]} 1. d4 Nf6 2. c4 g6 3. Nc3 d5 4. cxd5 Nxd5 5. e4 Nxc3 6. bxc3 Bg7 7.
Nf3 c5 8. Bb5+ Nc6 9. O-O O-O 10. Bxc6 bxc6 11. Qc2 $1 {[%mdl 4] 11.Qc2 is the
recent fashion. D85: Exchange Grünfeld: Unusual White 7th moves and lines with
7 Nf3.} Qa5 {[#]} 12. Bg5 $146 ({Predecessor:} 12. a4 Ba6 13. Re1 Rac8 14. Bb2
Rfd8 15. Rad1 cxd4 16. cxd4 Qb4 17. Bc3 Qc4 18. Rc1 c5 19. d5 Qxc3 20. Qxc3
Bxc3 21. Rxc3 c4 22. Ne5 e6 23. dxe6 fxe6 {1/2-1/2 (23) Mary,P (2537)-Barria,V
(2461) ICCF email 2011}) 12... Re8 13. Rab1 {The position is equal.} Bg4 {
[#] Threatens to win with ...cxd4.} 14. Ne5 cxd4 15. cxd4 {aiming for Bd2.}
Bxe5 16. dxe5 Qxe5 17. Be3 Qa5 18. a4 Be6 19. h3 Qa6 20. Rb4 Rab8 21. Rfb1 Rxb4
22. Rxb4 f6 23. Qc5 (23. Bc5 {looks sharper.} Kf7 24. f4 Rd8 25. f5 Bc8 26.
Qb3+) 23... Kf7 24. Qxa7 Qxa7 25. Bxa7 $11 {[%mdl 4096] Endgame KRB-KRB} Rd8
26. Bd4 c5 27. Bxc5 Rd1+ 28. Kh2 Rc1 29. Be3 Rc4 30. Rb7 Rxa4 31. Bc5 Rxe4 32.
Rxe7+ Kg8 33. f3 Re2 34. Bd4 Bc4 35. Rc7 Bd5 36. Kg3 Re6 37. h4 h5 38. Kf2 Rd6
39. Bc3 Rc6 40. Rxc6 {Weighted Error Value: White=0.06/Black=0.06} 1/2-1/2

[Event "23rd ETCC Open 2021"]
[Site "Catez"]
[Date "2021.11.13"]
[Round "2.30"]
[White "Berkes, Ferenc"]
[Black "Skoberne, Jure"]
[Result "1-0"]
[WhiteElo "2676"]
[BlackElo "2562"]
[Annotator "TA"]
[PlyCount "125"]
[EventDate "2021.11.08"]
[EventType "team-tourn"]
[EventCountry "SLO"]
[SourceTitle "playchess.com"]
[Source "ChessBase"]
[SourceQuality "1"]
[WhiteTeam "Hungary"]
[BlackTeam "Slovenia"]
[WhiteTeamCountry "HUN"]
[BlackTeamCountry "SLO"]

{[%evp 9,125,25,32,21,25,21,21,21,21,30,25,20,40,25,37,0,5,26,23,-44,-45,-70,
-51,-63,-58,-67,-67,-47,-50,-62,-52,-62,-54,-59,-61,-60,-70,-65,-53,-66,-27,
-21,0,-21,-25,-36,0,-139,-135,-165,-92,-181,0,-185,-186,-97,-70,-70,287,270,
279,219,212,205,195,137,143,58,395,345,541,541,504,531,491,481,457,432,404,166,
1331,1310,1307,1195,518,0,29974,29975,29975,29976,29976,29977,29977,29978,
29978,29979,29979,29980,29982,29983,29983,29984,29984,29985,29985,29986,29986,
29987,29987,29988,29989,29990,29990,29991,29991,29992,29992,29993]} 1. d4 d5 2.
Nf3 Nf6 3. c4 c6 4. Nbd2 g6 5. e3 Bg7 6. b4 {D70: Grünfeld: Unusual White 3rd
moves (met by ...d5).} O-O 7. a4 a5 {is more profitable than 7...Nbd7 at the
moment.} 8. b5 {The position is equal.} Nbd7 $5 {[%mdl 4] Leaves trodden paths.
} 9. Bb2 c5 10. Rc1 {[#]} Re8 $146 ({Predecessor:} 10... cxd4 11. Bxd4 b6 12.
cxd5 Nxd5 13. Bxg7 Kxg7 14. Nc4 N7f6 15. Be2 Bf5 16. Qd4 Rc8 {0-1 (43)
Ushenina,A (2442)-Muzychuk,M (2563) Hengshui 2019}) 11. cxd5 cxd4 12. e4 (12.
exd4 Nxd5 13. Be2 Nf4 $15) 12... e6 13. dxe6 (13. Bxd4 exd5 14. e5 Nxe5 $1 $17)
13... Rxe6 14. Qc2 (14. Bxd4 Nxe4 15. Nxe4 Rxe4+ 16. Be3 Bh6 $15) (14. Bc4 $11
Ne5 15. Nxe5 (15. Bxd4 Nxf3+ 16. Nxf3 Rxe4+ 17. Be3 Qxd1+ 18. Kxd1 Be6 $17) (
15. Nxd4 Rd6 $15) (15. Bxe6 Nd3+ {[%mdl 64] Double Attack} 16. Kf1 Bxe6 $17)
15... Rxe5 16. f3) 14... Nb6 $15 15. Nxd4 Re8 16. Be2 Nh5 {[%mdl 1024] Black
has compensation.} 17. N2f3 Nf4 18. O-O Bg4 19. Rfd1 Rc8 20. Nc6 {[%mdl 64]
Double Attack} Qc7 {[%mdl 64] Pin} 21. Bxg7 Kxg7 22. Qb2+ Kg8 23. Ncd4 Nxa4 24.
Qd2 Nxe2+ 25. Nxe2 Qb6 26. Nf4 {Black must now prevent Rxc8.} Rxc1 ({But not} 
26... Rxe4 $2 27. Rxc8+ Bxc8 28. Nd5 $18) (26... Qxb5 27. Nd5 $16) 27. Rxc1
Rxe4 28. Ng5 (28. Nd5 $11 Qd8 29. Rc7) 28... Rd4 $17 29. Qe3 {Threatening mate
with Qe8+.} Qd8 (29... Kg7 $1 $19 {aiming for ...Rd1+.} 30. Ne4 (30. Qe5+ $2
Qf6 $19) 30... h5) 30. h4 (30. h3 $17 Bf5 31. g4) 30... Nb2 $2 (30... Nb6 $19 {
Strongly threatening ...a4.} 31. Qg3 Qf6 $1 32. Qxg4 Rxf4) 31. f3 $2 {[#]} (31.
Nxf7 $1 $11 Rd1+ {[%mdl 64] Zwischenzug} 32. Rxd1 Qxd1+ 33. Kh2 Kxf7 34. Qe5)
31... Nc4 $1 $19 {[%cal Rc4e3]} 32. Qe2 Rxf4 33. Rxc4 Qb6+ $2 {[%mdl 8192]} (
33... Rd4 $15 34. Rxd4 (34. fxg4 $2 Rd1+ 35. Kf2 Rd2 $19) 34... Qxd4+ 35. Kh1
Bd7 {[%mdl 64] Discovered Attack}) 34. Kh1 $1 $18 ({Avoid the trap} 34. Kf1 $2
Bd7 $19) 34... Qf6 35. Rxf4 Qxf4 36. fxg4 {And now Qe7 would win.} a4 37. g3 (
37. Qe7 $18) 37... Qf6 38. Qf3 ({Better is} 38. Ne4 $1 $16 {[%cal Re4f6]} Qd4
39. g5) 38... Qxf3+ {[%mdl 8192]} (38... Qa1+ $1 $14 39. Kh2 Qa2+ 40. Kh3 a3)
39. Nxf3 $14 {[%mdl 4096] Endgame KN-KP} a3 {[#]} (39... Kg7 $142 40. g5 f6)
40. Nd2 $1 $18 a2 41. Nb3 Kg7 42. Kg2 Kf6 43. Kf3 Ke5 44. Ke3 h5 $2 (44... f5)
45. gxh5 gxh5 46. Na1 Kd5 47. Kf4 $2 (47. Kd3 $18) 47... Kd4 $2 {[%mdl 8192] 
[#]} (47... f5 $11) 48. g4 $1 {[%cal Rg4h5] White mates.} hxg4 49. h5 g3 50.
Kxg3 {KN-K3P} Ke5 51. Kg4 Kf6 52. b6 Kg7 53. Kg5 f6+ 54. Kf5 Kh6 55. Kxf6 Kxh5
{KN-KPP} 56. Ke5 Kg4 57. Kd6 Kf3 58. Kc7 Ke2 59. Kxb7 Kd2 60. Kc6 Kc3 61. b7
Kb2 62. b8=Q+ Kxa1 63. Kb5 {Weighted Error Value: White=0.31/Black=0.45} 1-0

[Event "23rd ETCC Open 2021"]
[Site "Catez"]
[Date "2021.11.13"]
[Round "2.31"]
[White "Sebenik, Matej"]
[Black "Banusz, Tamas"]
[Result "1/2-1/2"]
[WhiteElo "2509"]
[BlackElo "2607"]
[Annotator "TA"]
[PlyCount "60"]
[EventDate "2021.11.08"]
[EventType "team-tourn"]
[EventCountry "SLO"]
[SourceTitle "playchess.com"]
[Source "ChessBase"]
[SourceQuality "1"]
[WhiteTeam "Slovenia"]
[BlackTeam "Hungary"]
[WhiteTeamCountry "SLO"]
[BlackTeamCountry "HUN"]

{[%evp 9,60,30,30,31,34,13,15,20,23,12,13,16,19,18,8,0,0,5,17,5,6,0,0,0,0,-6,
-6,-39,-35,-22,-42,-39,-30,-39,-25,-37,-43,-25,-8,-8,-8,-8,0,0,0,0,0,0,0,0,0,0,
0]} 1. c4 e6 2. Nf3 d5 3. d4 Nf6 4. Nc3 a6 5. cxd5 exd5 6. Bg5 {D37: Queen's
Gambit Declined: 5 Bf4.} Be6 7. Bxf6 Qxf6 8. Qb3 Ra7 9. g3 Bd6 10. Bg2 ({
Don't blunder} 10. Nxd5 $2 Qf5 $19) 10... O-O 11. O-O Qd8 {[#]} 12. Rad1 $146 (
{Don't play} 12. Nxd5 b5 $17) ({Predecessor:} 12. Qc2 Nd7 13. e4 dxe4 14. Nxe4
Nf6 15. Ne5 Nxe4 16. Bxe4 g6 17. f4 c5 18. f5 gxf5 19. Bxf5 Bxe5 20. dxe5 {
1/2-1/2 (28) Kantor,G (2527)-Praggnanandhaa,R (2608) Biel 2021}) 12... Nd7 13.
Qc2 (13. Nxd5 $2 c6 $19) 13... Re8 14. Ne5 c6 15. Nxd7 Bxd7 16. e4 dxe4 17.
Bxe4 g6 18. Qb3 Bg4 19. Rde1 Bf8 20. d5 c5 21. a4 b6 22. Bg2 {With the idea
Rxe8.} Rxe1 23. Rxe1 Re7 (23... Bg7 {with more complications.} 24. Qc4 h5 25.
h4 Bd4 26. b4 Re7) 24. Rxe7 {The position is equal.} Bxe7 25. Bf1 Bc8 26. Ne4
Bf5 27. Nd2 Bc8 28. Ne4 Bf5 29. Nd2 Bc8 30. Ne4 Bf5 {Weighted Error Value:
White=0.04/Black=0.03} 1/2-1/2